La ideología revolucionaria de los estudiantes europeos
Guardat en:
| Autor principal: | |
|---|---|
| Format: | Llibre |
| Idioma: | espanyol |
| Publicat: |
Barcelona
Ariel
1972
|
| Edició: | 2a. ed |
| Col·lecció: | Ariel Quincenal, 49
|
| Matèries: | |
| Etiquetes: |
Afegir etiqueta
Sense etiquetes, Sigues el primer a etiquetar aquest registre!
|
MARC
| LEADER | 00000nam a2200000 a 4500 | ||
|---|---|---|---|
| 001 | UCH2222 | ||
| 003 | CL-VaPUC | ||
| 008 | 090604e19720000SP |||||||||||||||||spa|d | ||
| 082 | 0 | 4 | |a 371.81 |b NIE |2 21 |
| 100 | |a Nieto García, Alejandro |e autor |9 875856 | ||
| 245 | 1 | 3 | |a La ideología revolucionaria de los estudiantes europeos |
| 250 | |a 2a. ed | ||
| 300 | |a 277 p | ||
| 942 | |c BK | ||
| 945 | |d 20090604 00:00:00 |a rbrito | ||
| 260 | |a Barcelona |b Ariel |c 1972 | ||
| 650 | 7 | |a MOVIMIENTO ESTUDIANTIL |2 CL-VaPUC |9 527017 | |
| 650 | 0 | |a Educación superior |9 223851 | |
| 650 | 0 | |a Estudiantes universitarios |9 334744 | |
| 651 | 0 | |a Europa |9 255156 | |
| 583 | |a last modification |c 20090604 00:00:00 |k Rodrigo Vera | ||
| 490 | 0 | |a Ariel Quincenal, 49 | |
| 999 | |c 334009 |d 334007 | ||
| 952 | |0 0 |1 0 |4 0 |6 371_810000000000000_NIE_1972 |7 0 |8 X |9 422711 |a FDOBUD |b FDOBUD |d 2019-11-22 |i 4555392 |o 371.81 NIE 1972 |p 4555392 |r 2019-11-22 |w 2019-11-22 |y BK_X |k BUD | ||